| 000 | 00707nam a2200205Ia 4500 | ||
|---|---|---|---|
| 003 | GCL | ||
| 008 | 140319s9999 xx 000 0 ara d | ||
| 040 |
_aGCL / _cGCL |
||
| 082 | 0 | 4 |
_aد _b050 _bم د |
| 100 | 1 | _aمحمد بن احمد الشدى | |
| 245 | 1 | 0 |
_aدارين: تعنى بالادب والفكر والثقافة / _cمحمد بن احمد الشدى |
| 700 | 1 | _aابوعبدالرحمن بن عقيل الظاهرى | |
| 300 | _a96 ص | ||
| 490 |
_aالهيئة العامة للاستعلامات _v0 |
||
| 650 | 0 | 4 | _aالادب العربى |
| 650 | 0 | 4 | _aالثقافة |
| 650 | 0 | 4 | _aالدوريات |
| 650 | 0 | 4 | _aالشعر العربى - دواوين وقصائد |
| 942 |
_2ddc _cBK |
||
| 999 |
_c50627 _d50627 |
||